|
|
|
|
| LEADER |
01079nam a22002777a 4500 |
| 001 |
35475 |
| 003 |
BD-DhAAL |
| 005 |
20211130141452.0 |
| 008 |
191014t2000 uk ||||| |||| 001 0 eng d |
| 999 |
|
|
|c 41526
|d 41526
|
| 020 |
|
|
|a 9780749433840
|
| 020 |
|
|
|a 0749433841
|
| 040 |
|
|
|a BD-DhAAL
|
| 082 |
|
|
|2 22
|a 371.2012
|
| 245 |
|
|
|a School leadership :
|b national and international perspectives /
|c edited by John Dunford, Richard Fawcett and David Bennett.
|
| 260 |
|
|
|a London :
|b Kogan Page,
|c 2000.
|
| 300 |
|
|
|a x, 182 pages ;
|c 23 cm.
|
| 526 |
|
|
|a BIED
|
| 541 |
|
|
|a Complimentary copy from BIED
|e 35475
|
| 650 |
|
|
|a Educational leadership
|z Great Britain
|x Case studies
|9 35895
|
| 700 |
|
|
|a Dunford, John
|9 35896
|
| 700 |
|
|
|a Fawcett, Richard
|9 35897
|
| 700 |
|
|
|a Bennett, David
|9 35898
|
| 852 |
|
|
|a Ayesha Abed Library
|c BIED Collection
|
| 942 |
|
|
|2 ddc
|c BK
|
| 952 |
|
|
|0 0
|1 0
|2 ddc
|4 0
|6 371_201200000000000_SCH
|7 0
|9 66688
|a BRACUL
|b BRACUL
|c GEN
|d 2019-10-14
|e Complimentary copy from BIED
|l 0
|o 371.2012 SCH
|p 3010035475
|r 2019-10-14
|t 1
|w 2019-10-14
|y BK
|x Transferred from BIED to General Stacks
|